Reproduccions d'una tèmpera de Joan Junyer
Descripción Física:
targeta : il·lustració en blanc i negre ; 33 x 13 cm
Materias:
Fons Joan Junyer i Pascual (1909-1994)
Idioma:
Catalán , English
MARC
| LEADER | 00000nkm a22000004i 4500 | ||
|---|---|---|---|
| 001 | 29207 | ||
| 003 | AGDB | ||
| 005 | 20260324181542.0 | ||
| 008 | 260108b spa||||| |||| 00| 0 cat d | ||
| 040 | |a agdb |b cat | ||
| 041 | |a eng | ||
| 100 | |a Junyer, Joan, |d 1904-1994 |9 53028 | ||
| 245 | |a Reproduccions d'una tèmpera de Joan Junyer |h (postal) | ||
| 260 | |a [s.l.] : |b [s.n.], |c [s.a.] | ||
| 300 | |a targeta : |b il·lustració en blanc i negre ; |c 33 x 13 cm | ||
| 380 | |a Targeta postal | ||
| 500 | |a Prové del fons Joan Junyer i Pascual (1909-1994) | ||
| 500 | |a Reproducció d'una pintura de Joan Junyer (In) | ||
| 500 | |a Text imprès: Tempera by Junyer from "The Dance has any Faces" by Walter Sorell. Columbia University Press, New York, N. Y. | ||
| 500 | |a 31 exemplars idèntics | ||
| 650 | |a Fons Joan Junyer i Pascual (1909-1994) |9 72777 | ||
| 942 | |2 udc |c ARXIU |n 1 | ||
| 952 | |0 0 |1 0 |2 udc |4 0 |6 F504299 |7 1 |9 98894 |a Arxiu |b Arxiu |d 2026-01-08 |l 0 |o F-504-299 |p 29207 |r 2026-01-08 11:58:02 |w 2026-01-08 |y ARXIU |z 31 exemplars idèntics | ||
| 999 | |c 130562 |d 130562 | ||